Páginas mezcladas /

Guardado en:
Autor Principal: De Santis, Pablo
Otros Autores: Cachimba, Max, il.
Formato: Libro
Publicado: Buenos Aires : Colihue, 1998
Series:La movida
Materias:
Etiquetas: Agregar Etiqueta
Sin Etiquetas, Sea el primero en etiquetar este registro!
LEADER 00746nam a22002415a 4500
001 CEM.cems009982
005 20101213132305.0
008 130507s1998##################000#0#####d
003 CEMS
020 |a 9505812221 
082 0 4 |a A863.4 
100 1 |a De Santis, Pablo 
245 1 0 |a Páginas mezcladas /  |c Pablo de Santis ; historietas de Max Cachimba 
260 |a Buenos Aires :  |b Colihue,  |c 1998 
300 |a 93 p. 
490 0 |a La movida 
653 |a Literatura 
653 |a Literatura argentina-siglo 20 
653 |a Novelas 
653 |a Novelas argentinas-siglo 20 
700 1 |a Cachimba, Max, il. 
859 |a CEMS  |b BIB. CEMS - 11 de abril  |h A863.4  |i D451-3  |p 20347.99  |t Ej.1 
859 |a CEMS  |b BIB. CEMS - 11 de abril  |h A863.4  |i D451-3  |p 22249.03  |t Ej.2